000 01317cam a2200301 4500
001 J125595
008 040326n2004 000 0 eng u
035 _a(Sirsi) u125595
041 _aeng
050 _a614.76
_c18
100 _aLeach, Barbara
245 _aCan the waste planning system deliver?
260 _aLondon
_bRICS
_c2004
490 _aRICS Research Report
520 _aThe summary and full report of research commissioned by RICS and the South East England Regional Assembly (SEERA) to examine whether the planning system is capable of delivering the required waste management structure in England and Wales. The findings show that at present the planning system is not providing enough new capacity to cope with projected increases in waste generation. View at www.rics.org/mwm.
650 _aWASTE PLANNING
650 _aPLANNING SYSTEM
650 _aDEVELOPMENT CONTROL
650 _aLANDFILL SITES
650 _aWASTE DISPOSAL
690 _aWASTE MANAGEMENT
700 _aPotter, Alan
700 _aQuinn, Cara
710 _aRoyal Institution of Chartered Surveyors
_94900
710 _aSouth East England Regional Assembly
_94632
856 _uhttps://www.rics.org/RICSWEB/getpage.aspx?p=SNMRYXDANEOhTuVQa8BO0A
_zView the research report on the RICS website...
942 _n0
999 _c103440
_d103440